Синтез и изучение реакционной способности гидразидов о-ацетиленилбензойных кислот: автореферат диссертации на соискание ученой степени кандидата химических наук; спец. 02.00.03

Λεπτομέρειες βιβλιογραφικής εγγραφής
Κύριος συγγραφέας: Михайловская Т. Ф. Татьяна Федоровна
Συγγραφή απο Οργανισμό/Αρχή: Российская академия наук (РАН) Сибирское отделение (СО) Институт химической кинетики и горения (ИХКГ)
Άλλοι συγγραφείς: Василевский С. Ф. Сергей Францевич (научный руководитель)
Περίληψη:Защита сост. 29.12.2010 г.
Γλώσσα:Ρωσικά
Έκδοση: Томск, 2010
Θέματα:
Μορφή: Βιβλίο
KOHA link:https://koha.lib.tpu.ru/cgi-bin/koha/opac-detail.pl?biblionumber=189795

MARC

LEADER 00000nam0a2200000 4500
001 189795
005 20231101224231.0
035 |a (RuTPU)RU\TPU\book\206523 
090 |a 189795 
100 |a 20110111d2010 k y0rusy50 ca 
101 0 |a rus 
102 |a RU 
105 |a a dm 001zy 
200 1 |a Синтез и изучение реакционной способности гидразидов о-ацетиленилбензойных кислот  |e автореферат диссертации на соискание ученой степени кандидата химических наук  |e спец. 02.00.03  |f Т. Ф. Михайловская  |g Российская академия наук (РАН), Сибирское отделение (СО), Институт химической кинетики и горения (ИХКГ) ; науч. рук. С. Ф. Василевский 
210 |a Томск  |d 2010 
215 |a 21 с.  |c ил. 
300 |a Защита сост. 29.12.2010 г. 
320 |a Библиогр.: с. 20-21 (7 назв.). 
452 1 |0 (RuTPU)RU\TPU\book\204459  |t Синтез и изучение реакционной способности гидразидов о-ацетиленилбензойных кислот  |o автореферат диссертации на соискание ученой степени кандидата химических наук  |o спец. 02.00.03  |f Т. Ф. Михайловская  |g Российская академия наук (РАН), Сибирское отделение (СО), Институт химической кинетики и горения (ИХКГ) ; науч. рук. С. Ф. Василевский  |c Томск  |d 2010  |a Михайловская, Татьяна Федоровна 
606 1 |a Гетероциклические соединения  |x Синтез  |2 stltpush  |3 (RuTPU)RU\TPU\subj\6385  |9 34280 
610 1 |a фталазионы 
610 1 |a биологическая активность 
610 1 |a гидразиды 
610 1 |a реакционная способность 
610 1 |a конденсированные гетероциклы 
610 1 |a изучение 
610 1 |a авторефераты диссертаций 
675 |a 547.7(04)  |v 3 
686 |a 02.00.03  |2 oksvnk 
700 1 |a Михайловская  |b Т. Ф.  |g Татьяна Федоровна 
702 1 |a Василевский  |b С. Ф.  |c химик-органик  |c профессор Томского политехнического университета, доктор наук  |f 1940-  |g Сергей Францевич  |2 stltpush  |3 (RuTPU)RU\TPU\pers\43879  |4 727 
712 0 2 |a Российская академия наук (РАН)  |b Сибирское отделение (СО)  |b Институт химической кинетики и горения (ИХКГ)  |c (Новосибирск)  |2 stltpush  |3 (RuTPU)RU\TPU\col\3062 
801 1 |a RU  |b 63413507  |c 20110111 
801 2 |a RU  |b 63413507  |c 20191030  |g RCR 
942 |c BK